000 01138pam a2200325 a 4500
001 4449
003 FISKH
005 20240910103648.0
008 900416s1991 caua j 000 0 eng
010 _a 90036798
020 _a0152016058 :
020 _a9780152018931
040 _aDLC
_cDLC
_dDLC
_beng
042 _alcac
050 _aF217.A65
082 _a974.009734
100 1 _aRylant, Cynthia.
245 1 0 _aAppalachia :
_bthe voices of sleeping birds /
_cby Cynthia Rylant ; illustrated by Barry Moser.
250 _aFirst Voyager Books edition 1998
260 _aNew York :
_bVeryager Books,
_c1991
300 _a23 pages :
_bcolor illustrations ;
_c28 cm
520 _aText and illustrations explore the countryside and people of Appalachia.
651 0 _aAppalachian Region, Southern
_xDescription and travel
_xJuvenile literature.
651 0 _aAppalachian Region, Southern
_xSocial life and customs
_xJuvenile literature.
651 1 _aAppalachian Region, Southern.
700 1 _aMoser, Barry,
_eillustrator
906 _a7
_bcbc
_corignew
_d1
_eocip
_f19
_gy-gencatlg
942 _2ddc
_cBK
_n0
999 _c4449
_d4449